000 00288nam a22001337a 4500
008 170715b xxu||||| |||| 00| 0 eng d
020 _a0534030343
041 _aeng
080 _a572
100 _a24
101 _aANT
245 _aCULTURE AND CONDUCT
_cBARRETT, R.A
942 _2udc
_cBK
999 _c20995
_d20995